Working clas family income and expenditure survey, general report (Record no. 490518)

000 -LEADER
fixed length control field 00411cam a22001217a 4500
008 - FIXED-LENGTH DATA ELEMENTS--GENERAL INFORMATION
fixed length control field 180718b-- xxu||||| |||| 00| 0 eng d
082 ## - DEWEY DECIMAL CLASSIFICATION NUMBER
Classification number XA94068x54 W892/G
100 ## - MAIN ENTRY--PERSONAL NAME
Personal name India. Ministry of Labour and Employment. Labour Bureau
245 ## - TITLE STATEMENT
Title Working clas family income and expenditure survey, general report
260 ## - PUBLICATION, DISTRIBUTION, ETC.
Place of publication, distribution, etc. Chandigarh
Name of publisher, distributor, etc. The author
Date of publication, distribution, etc. --
500 ## - GENERAL NOTE
General note Library has 1999/2000
650 ## - SUBJECT ADDED ENTRY--TOPICAL TERM
Topical term or geographic name entry element Households - India
Holdings
Withdrawn status Lost status Damaged status Not for loan Permanent Location Current Location Date acquired Full call number Barcode Date last seen Price effective from Koha item type
        Indian Institute of Public Administration Indian Institute of Public Administration 2018-08-04 XA94068x54 W892/G GG29247 2018-08-04 2018-08-04 GG

Powered by Koha